[Event "AUTO-OPEN-4627"]
[Site "http://www.queenalice.com/game.php?id=1866249"]
[Date "2025.11.28"]
[Round "1"]
[White "ChessColossos"]
[Black "IranSilva"]
[Result "0-1"]
[WhiteElo "1577"]
[BlackElo "2210"]

1. e4 e5 2. Nf3 Nc6 3. d4 exd4 4. Nxd4 Bc5 5. Be3 Qf6 6. c3 Nge7 7. Bb5 a6 8.
Bxc6 Nxc6 9. O-O O-O 10. Nc2 Be7 11. Nd2 d6 12. Qf3 Qg6 13. Qg3 Be6 14. Qxg6
fxg6 15. Nd4 Bd7 16. a4 Ne5 17. h3 Nd3 18. b4 Nf4 19. Bxf4 Rxf4 20. N4f3 Rf7 21.
Rfe1 Re8 22. e5 Bf8 23. exd6 Bxd6 24. Rxe8+ Bxe8 25. Re1 Bd7 26. a5 h6 27. Nd4
c5 28. bxc5 Bxc5 29. N2b3 Bd6 30. f3 Re7 31. Rxe7 Bxe7 32. Kf2 Ba3 33. Ke2 Kf7
34. Kd3 Ke7 35. Kc4 Be8 36. Nc5 Bf7+ 0-1

[Event "AUTO-OPEN-4627"]
[Site "http://www.queenalice.com/game.php?id=1866250"]
[Date "2025.11.28"]
[Round "1"]
[White "IranSilva"]
[Black "ChessColossos"]
[Result "1-0"]
[WhiteElo "2209"]
[BlackElo "1583"]

1. Nf3 d5 2. d4 Nf6 3. Bf4 e6 4. e3 c5 5. c3 Nc6 6. Bd3 c4 7. Bc2 b5 8. a3 a5 9.
O-O Be7 10. Nbd2 O-O 11. e4 dxe4 12. Nxe4 h6 13. Ne5 Nxe5 14. Bxe5 Bb7 15. Re1
Nxe4 16. Bxe4 Bxe4 17. Rxe4 Bd6 18. Qg4 Bxe5 19. Rxe5 Rb8 20. Qh5 Qd7 21. Rae1
Rfe8 22. Rc5 Rec8 23. Ree5 Rxc5 24. Rxc5 a4 25. Qe5 Qe8 26. h4 Kh8 27. d5 f6 28.
Qxe6 Qxe6 29. dxe6 Kg8 30. Rc7 Kf8 31. h5 Rb6 32. e7+ Ke8 33. g4 Re6 34. Rb7 Re5
35. Kg2 Kf7 36. Kg3 Ke8 37. f4 Rd5 38. Kf3 f5 39. g5 hxg5 40. fxg5 Kf7 41. Kf4
Ke8 42. h6 gxh6 43. gxh6 1-0

[Event "AUTO-OPEN-4629"]
[Site "http://www.queenalice.com/game.php?id=1866820"]
[Date "2025.12.9"]
[Round "1"]
[White "bmax"]
[Black "ChessColossos"]
[Result "1-0"]
[WhiteElo "2280"]
[BlackElo "1585"]

1. d4 e6 2. Nf3 Be7 3. e3 d5 4. Bd3 Nf6 5. b3 O-O 6. Bb2 c5 7. O-O Nc6 8. Nbd2
a6 9. Ne5 Qb6 10. f4 cxd4 11. exd4 Nxd4 12. Kh1 Nc6 13. Rf3 Nxe5 14. fxe5 Ng4
15. Qe2 Bc5 16. Raf1 Ne3 17. Bxh7+ Kxh7 18. Rh3+ Kg8 19. Qh5 f6 20. exf6 Rxf6
21. Rxf6 1-0

[Event "AUTO-OPEN-4629"]
[Site "http://www.queenalice.com/game.php?id=1866821"]
[Date "2025.12.9"]
[Round "1"]
[White "ChessColossos"]
[Black "bmax"]
[Result "0-1"]
[WhiteElo "1587"]
[BlackElo "2265"]

1. e4 c6 2. d4 d5 3. Nc3 dxe4 4. Nxe4 Bf5 5. Ng3 Bg6 6. Nf3 Nd7 7. Bd3 Ngf6 8.
Bxg6 hxg6 9. Bg5 e6 10. O-O Qc7 11. Bxf6 gxf6 12. Re1 O-O-O 13. c3 Bd6 14. Re4
g5 15. Qd2 f5 16. Ree1 g4 17. Ng5 Nf6 18. Nxe6 fxe6 19. Rxe6 Ne4 20. Nxe4 Bxh2+
21. Kf1 Bf4 22. Qd3 Rh1+ 0-1

[Event "AUTO-INT-3957"]
[Site "http://www.queenalice.com/game.php?id=1868136"]
[Date "2026.1.17"]
[Round "1"]
[White "ChessColossos"]
[Black "EdsonEstevam"]
[Result "1-0"]
[WhiteElo "1678"]
[BlackElo "1762"]

1. e4 e5 2. Nf3 Nc6 3. d4 exd4 4. Nxd4 Nxd4 5. Qxd4 c6 6. Bc4 Ne7 7. Bh6 f6 8.
Bf4 Ng6 9. Bg3 b6 10. Bd6 c5 11. Qd5 Bb7 12. Qf7# 1-0